| 000 | 00671nam a2200205 i 4500 | ||
|---|---|---|---|
| 001 | 36081 | ||
| 003 | ES-MaACL | ||
| 005 | 20250910213914.0 | ||
| 007 | t| | ||
| 008 | 030217s1964 sp ||||1| spa d | ||
| 100 | 1 |
_aBraithwaite, Richard D. _931306 |
|
| 245 | 1 | 3 |
_aLa explicación científica / _cRichard D. Braithwaite ; [traducción de Víctor Sánchez de Zavala]. |
| 260 |
_aMadrid : _bTecnos, _c1964. |
||
| 300 |
_a410 p. ; _c24 cm. |
||
| 490 | 1 |
_aEstructura y función ; _v15 |
|
| 700 | 1 |
_aSánchez de Zavala, Víctor, _d1926-1996 _9102601 |
|
| 830 | 0 |
_aEstructura y función ; _v15 _9181428 |
|
| 852 |
_aES-MaACL _jC-26357 _bR.55428 |
||
| 999 |
_c36081 _d36081 |
||